000 00330nam a22001217a 4500
999 _c29
_d29
005 20200811152939.0
008 200805b ||||| |||| 00| 0 eng d
020 _a9982300016
040 _cCML
245 _aThe Press In Zambia.
_c Kasoma, F.P
260 _aZambia
_bRichard Hall
_c1986
942 _2ddc
_cBK
_e1
_h070
_kKAS